000 00272nam a2200121Ia 4500
008 221030s9999 xx 000 0 und d
041 _aEnglish
100 _aB KOSKO
245 0 _aNeural Networks & Fuzzy Systems
_cby B KOSKO
260 _c0
650 _aMc
942 _cBK
999 _c14169
_d14169